000 00708nam a2200241 a 4500
001 13099
003 BD-RjUL
005 20211208235414.0
008 140130t1958 enka 001 0 eng d
035 _a(BD-RjUL)13149
040 _aEXC
_cEXC
_dUKM
_dEQO
_dBD-RjUL
_beng
041 _aeng
082 0 4 _a570.1
_223
_bBEM 1958
090 _aQH331
_b.B375
100 1 _aBeck, William Samson,
_d1923-
_940806
245 1 0 _aModern science and the nature of life /
_cby William S. Beck.
260 _aLondon :
_bMacmillan,
_cc1957-1958.
300 _axix, 302 p. :
_bill. ;
_c20 cm.
504 _aIncludes index.
650 0 _aBiology
_xPhilosophy.
_93798
650 0 _aScience
_xPhilosophy.
_940807
942 _2ddc
_cBK
999 _c13099
_d13099